[Event "ISL-chT 1718"]
[Site "Reykjavik"]
[Date "2017.10.21"]
[Round "3.4"]
[White "Arnarson, Sigurdur"]
[Black "Crevatin, Leo"]
[Result "1-0"]
[WhiteElo "2033"]
[BlackElo "2073"]
[PlyCount "45"]
[EventDate "2017.10.19"]
[EventType "team-tourn"]
[EventRounds "9"]
[EventCountry "ISL"]
[SourceTitle "CBM 181 Extra"]
[Source "ChessBase"]
[SourceDate "2017.12.12"]
[SourceVersion "1"]
[SourceVersionDate "2017.12.12"]
[SourceQuality "1"]
[WhiteTeam "Akureyri II"]
[BlackTeam "Gardabaer"]
[WhiteTeamCountry "ISL"]
[BlackTeamCountry "ISL"]

1. d4 d5 2. c4 c6 3. Nc3 e6 4. Nf3 dxc4 5. a4 Bb4 6. e3 b5 7. Bd2 a5 8. Be2 Nf6 9. Ne5 Bb7 10. Bf3 Qb6 11. 0-0 Nbd7 12. Ne4 Nxe5 13. dxe5 Nxe4 14. Bxb4 Nxf2 15. Qd6 axb4 16. Rxf2 bxa4 17. Bh5 g6 18. Rxf7 Kxf7 19. Bxg6+ Kg7 20. Qe7+ Kh6 21. Qh4+ Kg7 22. Qf6+ Kh6 23. Bf7# 1-0

[Event "ISL-chT 1617"]
[Site "Reykjavik"]
[Date "2016.10.01"]
[Round "3.2"]
[White "Hardarson, Jon Trausti"]
[Black "Arnarson, Sigurdur"]
[Result "0-1"]
[WhiteElo "2100"]
[BlackElo "2030"]
[PlyCount "72"]
[EventDate "2016.09.29"]
[EventType "team-tourn"]
[EventRounds "9"]
[EventCountry "ISL"]
[SourceTitle "EXT 2018"]
[Source "ChessBase"]
[SourceDate "2017.10.13"]
[SourceVersion "1"]
[SourceVersionDate "2017.10.13"]
[SourceQuality "1"]
[WhiteTeam "Fjolnis"]
[BlackTeam "Akureyri"]
[WhiteTeamCountry "ISL"]
[BlackTeamCountry "ISL"]

1. d4 Nf6 2. c4 c5 3. Nf3 cxd4 4. Nxd4 e5 5. Nc2 d5 6. cxd5 Qxd5 7. Qxd5 Nxd5 8. e4 Nf6 9. Nc3 Nc6 10. Bb5 Bd7 11. 0-0 a6 12. Bc4 Rc8 13. Be3 Nd4 14. Bd3 Nxc2 15. Bxc2 Bb4 16. Bd2 0-0 17. a3 Ba5 18. b4 Bb6 19. Bb3 Bc6 20. Nd5 Bxd5 21. exd5 Rfd8 22. Bg5 Rc3 23. Bxf6 gxf6 24. Rab1 Kf8 25. g3 Ke7 26. Kg2 Kd6 27. Rfe1 f5 28. Rec1 Rdc8 29. Re1 Rd3 30. Red1 Rcc3 31. Rxd3 Rxd3 32. f3 e4 33. f4 Rd2+ 34. Kh3 e3 35. g4 e2 36. Kg3 Rb2 0-1

[Event "ISL-chT 1617"]
[Site "Reykjavik"]
[Date "2016.09.30"]
[Round "2.5"]
[White "Arnalds, Stefan"]
[Black "Arnarson, Sigurdur"]
[Result "0-1"]
[WhiteElo "2040"]
[BlackElo "2030"]
[PlyCount "84"]
[EventDate "2016.09.29"]
[EventType "team-tourn"]
[EventRounds "9"]
[EventCountry "ISL"]
[SourceTitle "EXT 2018"]
[Source "ChessBase"]
[SourceDate "2017.10.13"]
[SourceVersion "1"]
[SourceVersionDate "2017.10.13"]
[SourceQuality "1"]
[WhiteTeam "Bolungarvik"]
[BlackTeam "Akureyri"]
[WhiteTeamCountry "ISL"]
[BlackTeamCountry "ISL"]

1. d4 Nf6 2. c4 c5 3. d5 e6 4. Nc3 exd5 5. cxd5 d6 6. e4 g6 7. f4 Bg7 8. Bb5+ Nfd7 9. Nf3 0-0 10. 0-0 a6 11. Bxd7 Nxd7 12. a4 Re8 13. Qc2 c4 14. Be3 Nf6 15. Bd4 Bg4 16. h3 Bxf3 17. Rxf3 Qa5 18. f5 g5 19. Qc1 h6 20. h4 g4 21. Rg3 Qd8 22. Bxf6 Qxf6 23. Rxg4 Kf8 24. Qf4 Qd4+ 25. Kh1 Qe5 26. Qf3 Bf6 27. Qe3 Bg7 28. Rf1 Qf6 29. h5 Re7 30. Rf3 Qd4 31. Qxd4 Bxd4 32. f6 Re5 33. Rfg3 Rg5 34. Rxg5 hxg5 35. Rf3 b5 36. axb5 axb5 37. g4 b4 38. Ne2 Bxb2 39. Ng3 b3 40. h6 Bxf6 41. Rxf6 b2 42. Rf1 Ra1 0-1

[Event "ISL-chT2 1415"]
[Site "Reykjavik"]
[Date "2014.10.03"]
[Round "1"]
[White "Arnarson, Sigurdur"]
[Black "Maack, Kjartan"]
[Result "0-1"]
[WhiteElo "2030"]
[BlackElo "2131"]
[PlyCount "48"]
[EventDate "2014.10.03"]
[EventType "team-tourn"]
[EventRounds "7"]
[EventCountry "ISL"]
[SourceTitle "EXT 2016"]
[Source "ChessBase"]
[SourceDate "2015.10.08"]
[SourceVersion "1"]
[SourceVersionDate "2015.10.08"]
[SourceQuality "1"]
[WhiteTeam "Akureyri II"]
[BlackTeam "Reykjavik TR II"]
[WhiteTeamCountry "ISL"]
[BlackTeamCountry "ISL"]

1. d4 e6 2. c4 f5 3. Nc3 Nf6 4. Nf3 Be7 5. g3 0-0 6. Bg2 d6 7. 0-0 a5 8. Bg5 Qe8 9. Qc2 Nc6 10. a3 Qh5 11. Rad1 e5 12. dxe5 dxe5 13. Nd5 Bd8 14. Bxf6 gxf6 15. b4 axb4 16. axb4 Be6 17. Nh4 Kh8 18. e3 Rb8 19. b5 Ne7 20. Nxe7 Bxe7 21. Bh3 Rbd8 22. e4 Rg8 23. Kh1 Rxd1 24. Rxd1 Bc5 0-1

[Event "ISL-chT 1213"]
[Site "Reykjavik"]
[Date "2012.10.07"]
[Round "4.2"]
[White "Arnarson, Sigurdur"]
[Black "Gunnarsson, Jon Viktor"]
[Result "0-1"]
[WhiteElo "2057"]
[BlackElo "2410"]
[PlyCount "80"]
[EventDate "2012.10.05"]
[EventType "team-tourn"]
[EventRounds "7"]
[EventCountry "ISL"]
[SourceTitle "EXT 2013"]
[Source "ChessBase"]
[SourceDate "2012.11.22"]
[SourceVersion "1"]
[SourceVersionDate "2012.11.22"]
[SourceQuality "1"]
[WhiteTeam "Akureyri"]
[BlackTeam "Taflfelag Bolungarvikur"]
[WhiteTeamCountry "ISL"]
[BlackTeamCountry "ISL"]

1. d4 Nf6 2. c4 c5 3. d5 b5 4. cxb5 a6 5. bxa6 g6 6. Nc3 Bxa6 7. g3 d6 8. Bg2 Bg7 9. Nf3 Nbd7 10. Rb1 0-0 11. 0-0 Qa5 12. Bd2 Rfb8 13. b3 Qc7 14. Qc2 Bc8 15. a4 Nb6 16. Nh4 Bd7 17. Rfc1 Qc8 18. Ne4 Nbxd5 19. Nxf6+ Nxf6 20. Bxa8 Rxa8 21. Ng2 Bf5 22. Qc4 d5 23. Qb5 Bxb1 24. Rxb1 Rb8 25. Qd3 e5 26. Ne3 e4 27. Qc2 d4 28. Nc4 Qh3 29. f3 d3 30. exd3 exf3 31. Be3 Ng4 32. Rf1 Nxe3 33. Nxe3 Bd4 34. Rxf3 Re8 35. Qe2 g5 36. g4 Bxe3+ 37. Kh1 Qxg4 38. Qf1 Qe6 39. Qg2 Qxb3 40. h4 Qxd3 0-1

[Event "ISL-chT 1213"]
[Site "Reykjavik"]
[Date "2012.10.05"]
[Round "1.4"]
[White "Arnarson, Sigurdur"]
[Black "Johannesson, Ingvar Thor"]
[Result "0-1"]
[WhiteElo "2057"]
[BlackElo "2335"]
[PlyCount "140"]
[EventDate "2012.10.05"]
[EventType "team-tourn"]
[EventRounds "7"]
[EventCountry "ISL"]
[SourceTitle "EXT 2013"]
[Source "ChessBase"]
[SourceDate "2012.11.22"]
[SourceVersion "1"]
[SourceVersionDate "2012.11.22"]
[SourceQuality "1"]
[WhiteTeam "Akureyri"]
[BlackTeam "Taflfelag Vestmannaeyja"]
[WhiteTeamCountry "ISL"]
[BlackTeamCountry "ISL"]

1. d4 Nf6 2. c4 c5 3. d5 e5 4. Nc3 d6 5. Bg5 Be7 6. e3 0-0 7. Bd3 Nxd5 8. Nxd5 Bxg5 9. h4 Be7 10. Bxh7+ Kxh7 11. Qh5+ Kg8 12. Nf3 e4 13. Ng5 Bf5 14. f3 Nc6 15. Nf4 Ne5 16. fxe4 Qa5+ 17. Kf1 Bg6 18. Qe2 Qa4 19. b3 Qd7 20. Nd5 f6 21. Nh3 Bxe4 22. Nhf4 Rae8 23. Rh3 Bd8 24. Kg1 f5 25. Rf1 Qf7 26. h5 Bg5 27. Rg3 Bh4 28. Rh3 Bf6 29. Rg3 Ng4 30. Nxf6+ Qxf6 31. Ng6 Qg5 32. Nxf8 Rxf8 33. Rf4 Re8 34. Rfxg4 fxg4 35. Rxg4 Qf6 36. Rf4 Qa1+ 37. Kh2 Qe5 38. Qg4 Rf8 39. Kg1 Rxf4 40. exf4 Qd4+ 41. Kh2 Qf6 42. Qc8+ Kh7 43. Qg4 Bf5 44. Qf3 Qh4+ 45. Kg1 Qe1+ 46. Kh2 Qh4+ 47. Kg1 Qe1+ 48. Kh2 Qe7 49. Kg1 b6 50. a3 Qe1+ 51. Kh2 Qh4+ 52. Kg1 Qe1+ 53. Kh2 Qe4 54. Qg3 Qe6 55. Qg5 Qf6 56. Qg3 Qh6 57. Qf3 Bc2 58. g4 Qf6 59. g5 Qf5 60. Kg1 Qe4 61. Qg4 Qe3+ 62. Kh2 Qd2+ 63. Kg3 Qd3+ 64. Kh4 Qf5 65. g6+ Kg8 66. Qf3 Be4 67. Qe3 d5 68. cxd5 Qxd5 69. h6 gxh6 70. Qh3 Qf5 0-1

[Event "ISL-chT 1011"]
[Site "Reykjavik"]
[Date "2011.03.05"]
[Round "6.2"]
[White "Hauksson, Hordur Aron"]
[Black "Arnarson, Sigurdur"]
[Result "1/2-1/2"]
[WhiteElo "1719"]
[BlackElo "2049"]
[PlyCount "46"]
[EventDate "2010.10.08"]
[EventType "team-tourn"]
[EventRounds "9"]
[EventCountry "ISL"]
[SourceTitle "EXT 2012"]
[Source "ChessBase"]
[SourceDate "2011.11.24"]
[SourceVersion "1"]
[SourceVersionDate "2011.11.24"]
[SourceQuality "1"]
[WhiteTeam "Fjolnir"]
[BlackTeam "SA"]
[WhiteTeamCountry "ISL"]
[BlackTeamCountry "ISL"]

1. d4 Nf6 2. c4 e6 3. Nc3 c5 4. d5 exd5 5. cxd5 d6 6. g3 g6 7. Bg2 Bg7 8. Nf3 Bd7 9. a4 Na6 10. Nd2 0-0 11. 0-0 Re8 12. Nc4 Bf5 13. Bf4 Bf8 14. Nb5 Qd7 15. f3 Nb4 16. Nbxd6 Bc2 17. Nxe8 Qxe8 18. Qd2 Nfxd5 19. e4 Nxf4 20. Qxf4 Bd3 21. Rfc1 Nc2 22. Rxc2 Bxc2 23. Ne3 Bb3 1/2-1/2

[Event "ISL-chT 1011"]
[Site "Reykjavik"]
[Date "2011.03.05"]
[Round "7.3"]
[White "Ptacnikova, Lenka"]
[Black "Arnarson, Sigurdur"]
[Result "1/2-1/2"]
[WhiteElo "2307"]
[BlackElo "2049"]
[PlyCount "27"]
[EventDate "2010.10.08"]
[EventType "team-tourn"]
[EventRounds "9"]
[EventCountry "ISL"]
[SourceTitle "EXT 2012"]
[Source "ChessBase"]
[SourceDate "2011.11.24"]
[SourceVersion "1"]
[SourceVersionDate "2011.11.24"]
[SourceQuality "1"]
[WhiteTeam "Hellir"]
[BlackTeam "SA"]
[WhiteTeamCountry "ISL"]
[BlackTeamCountry "ISL"]

1. e4 Nf6 2. e5 Nd5 3. d4 d6 4. c4 Nb6 5. exd6 exd6 6. Nc3 Be7 7. Be2 Nc6 8. h3 Bf5 9. Nf3 Nb4 10. 0-0 Nc2 11. Rb1 Nb4 12. Ra1 Nc2 13. Rb1 Nb4 14. Ra1 1/2-1/2

[Event "ISL-chT 1011"]
[Site "Reykjavik"]
[Date "2010.10.10"]
[Round "4.1"]
[White "Gislason, Gudmundur"]
[Black "Arnarson, Sigurdur"]
[Result "1-0"]
[WhiteElo "2346"]
[BlackElo "2049"]
[PlyCount "149"]
[EventDate "2010.10.08"]
[EventType "team-tourn"]
[EventRounds "9"]
[EventCountry "ISL"]
[SourceTitle "EXT 2012"]
[Source "ChessBase"]
[SourceDate "2011.11.24"]
[SourceVersion "1"]
[SourceVersionDate "2011.11.24"]
[SourceQuality "1"]
[WhiteTeam "TB"]
[BlackTeam "SA"]
[WhiteTeamCountry "ISL"]
[BlackTeamCountry "ISL"]

1. d4 Nf6 2. c4 e6 3. Nf3 c5 4. g3 d5 5. Bg2 Nc6 6. 0-0 Be7 7. dxc5 Bxc5 8. cxd5 Nxd5 9. Nbd2 0-0 10. a3 Qb6 11. Qc2 Rd8 12. Nc4 Qc7 13. e4 Nf6 14. Bf4 Qe7 15. e5 Nd5 16. Ng5 f5 17. Bxd5 Rxd5 18. Nf3 Nd4 19. Nxd4 Bxd4 20. Rfd1 Bd7 21. Be3 Bxe3 22. Nxe3 Rxd1+ 23. Rxd1 Rc8 24. Qd3 Bc6 25. f4 Qc5 26. Qd4 Qxd4 27. Rxd4 Kf8 28. Kf2 Ke7 29. Rd6 Be4 30. Ke2 Rc1 31. Rd1 Rc7 32. h3 h5 33. Kd2 Rd7+ 34. Kc3 Rxd1 35. Nxd1 Bg2 36. h4 Kd7 37. Kd4 b6 38. Ne3 Bb7 39. Nc4 Ba6 40. Nd6 Be2 41. a4 a5 42. Kc3 Bf1 43. b4 axb4+ 44. Kxb4 Be2 45. a5 bxa5+ 46. Kxa5 Bf3 47. Kb6 Bd5 48. Kc5 Ba8 49. Nb5 Bg2 50. Kb6 Bf3 51. Na3 Be4 52. Nc4 Bd5 53. Nb2 Be4 54. Na4 Bd5 55. Nc5+ Ke7 56. Kc7 Bc4 57. Nd7 Bb5 58. Nb6 Ba6 59. Nc8+ Ke8 60. Na7 Ke7 61. Nc6+ Ke8 62. Kd6 Bc4 63. Na5 Ba2 64. Nb7 Bc4 65. Nc5 Kf7 66. Kd7 Bb5+ 67. Kd8 Bc6 68. Kc7 Bb5 69. Kd6 Bc4 70. Nb7 Ke8 71. Na5 Bd5 72. Nc6 Bc4 73. Nd4 Kf7 74. Kd7 Bd5 75. Nc6 1-0